<?xml version="1.0" encoding="UTF-8"?>
<collection xmlns:xsi="http://www.w3.org/2001/XMLSchema-instance" xsi:schemaLocation="http://www.loc.gov/MARC21/slim http://www.loc.gov/standards/marcxml/schema/MARC21slim.xsd" xmlns="http://www.loc.gov/MARC21/slim">
 <record>
  <leader>00000ctm a22000003a 4500</leader>
  <controlfield tag="001">UP-8027390931316279172</controlfield>
  <controlfield tag="003">Buklod</controlfield>
  <controlfield tag="005">20171025151515.0</controlfield>
  <controlfield tag="006">a     r    |||| u|</controlfield>
  <controlfield tag="007">ta</controlfield>
  <controlfield tag="008">171025s        xx     d     r    |||| u|</controlfield>
  <datafield tag="035" ind1=" " ind2=" ">
   <subfield code="a">(iLib)UPMIN-00010019629</subfield>
  </datafield>
  <datafield tag="090" ind1=" " ind2="0">
   <subfield code="a">LG993.5 2017 A3</subfield>
   <subfield code="b">B354</subfield>
  </datafield>
  <datafield tag="100" ind1="1" ind2=" ">
   <subfield code="a">Banguis, Eloisa Lynne P.</subfield>
   <subfield code="e">author</subfield>
  </datafield>
  <datafield tag="245" ind1="0" ind2="0">
   <subfield code="a">Factors affecting the choice of climate change adaptation strategies of Mango Farmers in Island Garden City of Samal, Davao del Norte</subfield>
   <subfield code="c">Eloisa Lynne P. Banguis; Larry N. Digal, adviser.</subfield>
  </datafield>
  <datafield tag="264" ind1=" " ind2="1">
   <subfield code="a">2017</subfield>
  </datafield>
  <datafield tag="300" ind1=" " ind2=" ">
   <subfield code="a">89 leaves</subfield>
  </datafield>
  <datafield tag="500" ind1=" " ind2=" ">
   <subfield code="a">Thesis (BS Agribusiness Economics) -- University of the Philippines Mindanao, May 2017</subfield>
  </datafield>
  <datafield tag="520" ind1=" " ind2=" ">
   <subfield code="a">One of the pressing issues in international discussions  is the threat brought by the continuously changing climatic patters. Climate has been perceived to be the primary determinant of agricultural productivity. In order for the farmers to build resilience and lessen the possible threat of climate change, there is urgency for the farmers to implement climate change strategies. To identify the factors affecting the choice of adaptation strategies of the mango farmers  , the Multivariate Probit (MVP) Regression Analysis was used. A cluster analysis was also done to group the farmers based on their adaptive level. The collection of data was done through a focused group discussion and personal interviews using a survey questionnaire. A total of 160 respondents were interviewed. Findings show that majority of the respondents (78.8%) have very high awareness of climate change. The results of the cluster analysis also show that the low adaptive cluster mostly consists of farmers who have very high awareness on climate change and at the same time are those with m those whose main source of income came from non-farm livelihood, have below Php 5,000 and have attended few to non mango related trainings. Furthermore, annual incomes from mango farming, main source of income, household size, presence of excessive rain, presence of drought, presence of pests and diseases, access to production extension, and access to credit were found to be the significant factors that affect the farmers? decision to adapt. Increasing the level of awareness through a community-based information system is one of the recommended interventions.</subfield>
  </datafield>
  <datafield tag="658" ind1=" " ind2=" ">
   <subfield code="a">Undergraduate Thesis</subfield>
   <subfield code="c">ABE 200b.</subfield>
  </datafield>
  <datafield tag="700" ind1="1" ind2=" ">
   <subfield code="a">Digal, Larry N.</subfield>
   <subfield code="e">adviser.</subfield>
  </datafield>
  <datafield tag="905" ind1=" " ind2=" ">
   <subfield code="a">FI</subfield>
  </datafield>
  <datafield tag="905" ind1=" " ind2=" ">
   <subfield code="a">UP</subfield>
  </datafield>
  <datafield tag="852" ind1="0" ind2=" ">
   <subfield code="a">UPMIN</subfield>
   <subfield code="b">UPMIN-MAIN</subfield>
   <subfield code="h">LG993.5 2017 A3</subfield>
   <subfield code="i">B354</subfield>
  </datafield>
  <datafield tag="942" ind1=" " ind2=" ">
   <subfield code="a">Thesis</subfield>
  </datafield>
 </record>
</collection>
